[Geometry Dash] Hardest Demon of Each Letter - Statistics

General Stats
  • This quiz has been taken 56 times
  • The average score is 9 of 26
Answer Stats
# Level % Correct
A Amethyst
94%
B BOOBAWAMBA
81%
T Thinking Space II
81%
F Flamewall
78%
N Nullscapes
75%
S Silent clubstep
67%
E Every End
64%
M Menace
56%
K Kyouki
44%
L LIMBO
36%
D Defeated Circles
31%
G Gaggatrondra
22%
Q qoUEO
22%
C CONVULSION
19%
P poocubed
19%
W walter white
17%
J Jigsaw
14%
O Operation Evolution
14%
U UNKNOWN
14%
V Viprin UFO
14%
Y Ykds1479ymdppr
14%
I IRIS
11%
R Renevant
11%
Z ZAPHKIEL
11%
H Henken
8%
X XRAY
8%
No matching quizzes found
Score Distribution
Percent of People with Each Score
Percentile by Number Answered
Your Score History
You have not taken this quiz